Aquaculture management

Αποθηκεύτηκε σε:
Λεπτομέρειες βιβλιογραφικής εγγραφής
Κύριος συγγραφέας: Meade, James W.
Μορφή: Βιβλίο
Γλώσσα:English
Δημοσίευση: New York : Chapman & Hall, 1989
Θέματα:
Ετικέτες: Προσθήκη ετικέτας
Δεν υπάρχουν, Καταχωρήστε ετικέτα πρώτοι!

MARC

LEADER 00000nam a2200000 i 4500
001 1/20377
008 051206s1989 eng d
020 |a 0-412-07711-6 
035 |l 10081599 
040 |a GR-MY-UA  |b gre  |e aacr 
041 0 |a eng 
082 0 |a 639.8  |2 (22) 
100 1 |a Meade, James W. 
245 1 0 |a Aquaculture management /  |c James W. Meade 
260 |a New York :   |b Chapman & Hall,   |c 1989 
300 |a xv, 175 σ.;  |b εικ.;  |c 24 εκ. 
504 |a Περιέχει βιβλιογραφία και ευρετήριο 
650 0 0 |a Aquaculture. 
852 |a INST  |b LESVOS  |e 20051206  |h 639.8 MEA  |p 005100033733  |q 005100033733  |t BK  |y 0 
852 |a INST  |b LESVOS  |e 20051206  |h 639.8 MEA  |p 005100033734  |q 005100033734  |t BK  |y 0 
901 |a BIBL1-2005-3 
909 |a Λ  |b 118668 
909 |a Λ  |b 118669 
920 |a ΔΙΕΥΡΥΝΣΗ  |b ΕΠΕΑΕΚ-ΤΕΘ  |y ΛΕΣΒΟΣ  |z 2005-10 
970 |a ΚΑΡΑ  |b ΓΙΑΣΕΜΗ  |z 2005/12/06